Statistiques concernant Devinez le Pokémon #7

Cliquez ici pour prendre le quiz!

Statistiques générales

  • Ce quiz a été pris 50 fois
  • Le résultat moyen est 12 sur 20

Statistiques - réponses

Réponse% Correct
Raichu
93%
Riolu
89%
Stari
89%
Camérupt
76%
Ninjask
73%
Muplodocus
69%
Mastouffe
67%
Coupenotte
64%
Migalos
60%
Armaldo
58%
Bekaglaçon
58%
Cliticlic
58%
Hippodocus
53%
Zeraora
53%
Argouste
51%
Moyade
49%
Sorcilence
47%
Charbambin
42%
Neitram
40%
Blizzeval
38%

Distribution des résultats

Percentile par nombre de réponses

% des personnes avec chaque résultat

Votre développement - résultats

Vous n’avez pas pris ce quiz